000 00529nam a22001577a 4500
999 _c534963
_d534963
020 _qHard Cover.
082 _a624.1
100 _aFatima, Itrat
245 _aApplication of lean construction supply chain management through cloud computing /
_cItrat Fatima.
260 _aIslamabad:
_bNIT NUST,
_c2014.
300 _a143 p. :
_bill. ;
_c30cm.
942 _2ddc
_cTHE
650 _aConstruction Engineering and Management MS-Thesis.
_917023
700 _6Dr. Hamza Farooq